| 000 | 01036pam a2200337 4500 | ||
|---|---|---|---|
| 001 | BEU3653BB | ||
| 008 | 740109s1974 nyua b 00110 eng | ||
| 010 | _a 74000527 | ||
| 020 | _a0842203796 | ||
| 035 | _a(InU)BEU3653BB | ||
| 035 | _a(OCoLC)ocm00801538 | ||
| 040 |
_aDLC _cDLC _dIUL _dEG-ScBUE |
||
| 049 | _aIULA | ||
| 050 | 0 |
_aQA21 _b.B83 |
|
| 082 | _a510.9 | ||
| 090 |
_aQA21 _b.B845 |
||
| 100 | 1 | 0 | _aBrett, William F. |
| 245 | 1 | 3 |
_aAn introduction to the history of mathematics, number theory, and operations research / _cby William F. Brett, Emile B. Feldman [and] Michael Sentlowitz. |
| 250 | _a2nd ed. | ||
| 260 | 0 |
_aNew York, _bMSS Information Corp. _c[1974] |
|
| 300 |
_a165 p. _billus. _c23 cm. |
||
| 504 | _aIncludes bibliographical references. | ||
| 650 | 0 |
_aMathematics _xHistory. _2BUEsh |
|
| 650 | 0 |
_aNumber theory. _2BUEsh |
|
| 650 | 0 |
_aOperations research. _2BUEsh |
|
| 651 | _2BUEsh | ||
| 700 | 1 | 0 | _aFeldman, Emile B. |
| 700 | 1 | 0 | _aSentlowitz, Michael. |
| 942 | _2ddc | ||
| 998 |
_b9/25/1990 _c6/10/1996 |
||
| 999 |
_c39 _d39 |
||